000 00346nam a2200145Ia 4500
008 230718s9999 xx 000 0 und d
041 _aEng.
082 _a347.05
_bABB-I
100 _aAbbas, Sayed Mlaveed
245 0 _aine Cade of cive Procter
260 _aPakistan
_bPay'at low bazie
_c2013
300 _a515
650 _aLaw
999 _c29032
_d29032